Markets (Record no. 81952)

MARC details
000 -LEADER
fixed length control field 00954cab a22002055a 4500
001 - CONTROL NUMBER
control field L148777
008 - FIXED-LENGTH DATA ELEMENTS--GENERAL INFORMATION
fixed length control field 091109e2009 xxkabdof 000 0 eng d
035 ## - SYSTEM CONTROL NUMBER
System control number (Sirsi) u148777
041 0# - LANGUAGE CODE
Language code of text/sound track or separate title eng
100 1# - MAIN ENTRY--PERSONAL NAME
Personal name Shah, Aditi
245 00 - TITLE STATEMENT
Title Markets
Remainder of title Thames Valley
260 ## - PUBLICATION, DISTRIBUTION, ETC.
Date of publication, distribution, etc. 2009
490 #0 - SERIES STATEMENT
Series statement Property Week
Volume/sequential designation 75(42) 16 October 2009, 59-66(6)
520 ## - SUMMARY, ETC.
Summary, etc. Segro intends to grow its Thames Valley office development portfolio over the next two years. Maps retail activity along the M4 from Newbury to Slough. Reading Borough Council has granted planning consent to the challenging £1.3 upgrade of Reading railway station. The mood of Thames Valley industrial landlords remains gloomy. Vacancy rates are increasing and rents falling across the Thames Valley office market. Tables. Graphs.
590 ## - LOCAL NOTE (RLIN)
Local note KA
651 #4 - SUBJECT ADDED ENTRY--GEOGRAPHIC NAME
Geographic name Thames Valley
690 ## - LOCAL SUBJECT ADDED ENTRY--TOPICAL TERM (OCLC, RLIN)
Topical term or geographic name as entry element PROPERTY-COMMERCIAL PROPERTY-COMMERCIAL PROPERTY MARKET
700 1# - ADDED ENTRY--PERSONAL NAME
Personal name Coughlin, Michael
942 ## - ADDED ENTRY ELEMENTS (KOHA)
Suppress in OPAC 0
Holdings
Withdrawn status Lost status Source of classification or shelving scheme Damaged status Not for loan Home library Current library Shelving location Date acquired Total Checkouts Full call number Barcode Date last seen Copy number Price effective from Koha item type
    Dewey Decimal Classification     London London Journal article 09/11/2009   L148777 148777-1001 06/08/2019 1 06/08/2019 Journal article